Libros condensados : Sin salida; Las llamadas de la muerte; Contra reloj; Sam, un perro al rescate /
Guardat en:
| Altres autors: | , , , |
|---|---|
| Format: | Llibre |
| Idioma: | espanyol |
| Publicat: |
México :
Reader's Digest,
1994, c1994
|
| Edició: | Edición abreviada |
| Col·lecció: | (Biblioteca de Selecciones. Libros Condensados de Reader's Digest)
|
| Matèries: | |
| Etiquetes: |
Sense etiquetes, Sigues el primer a etiquetar aquest registre!
|
MARC
| LEADER | 00000nam^a2200000^a^4500 | ||
|---|---|---|---|
| 001 | 000269260 | ||
| 005 | 20250521000000.0 | ||
| 009 | 20260310110919.873 | ||
| 020 | |a 968-28-0198-2 | ||
| 025 | |a Donación sin dato, 1 ejemplar | ||
| 037 | |a Acervo ITESO - Biblioteca | ||
| 041 | |a ESP | ||
| 082 | |a 808. 83 |b SEL CON V. 9 | ||
| 240 | 1 | 1 | |a [Libros condensados de Reader's Digest] |
| 240 | 1 | 1 | |a [Sin salida] |
| 245 | 0 | 0 | |a Libros condensados : |b Sin salida; Las llamadas de la muerte; Contra reloj; Sam, un perro al rescate / |
| 250 | |a Edición abreviada | ||
| 264 | 4 | |a México : |b Reader's Digest, |c 1994, c1994 | |
| 300 | |a 544 p. | ||
| 336 | |a texto |b txt |2 rdacontenido | ||
| 337 | |a sin mediación |b n |2 rdamedio | ||
| 338 | |a volumen |b nc |2 rdasoporte | ||
| 440 | 1 | |a (Biblioteca de Selecciones. |p Libros Condensados de Reader's Digest) | |
| 500 | |a Traducción de: The Firm; Death Penalties; The Dam; Search Dog | ||
| 649 | |a XX | ||
| 650 | |a Escritores Norteamericanos | ||
| 650 | |a Mujeres Norteamericanas | ||
| 650 | |a Novela Norteamericana | ||
| 650 | |a Novela Inglesa | ||
| 650 | |a Novela de Aventuras - |z Inglaterra | ||
| 650 | |a Literatura Norteamericana - |y Siglo XX | ||
| 650 | |a Literatura Inglesa - |y Siglo XX | ||
| 650 | |a Literatura Policíaca y de Misterio - |z EUA | ||
| 650 | |a Literatura Policíaca y de Misterio - |z Inglaterra | ||
| 650 | |a Literatura de Mujeres - |z Inglaterra | ||
| 650 | |a Acoso Laboral | ||
| 650 | |a Presas | ||
| 650 | |a Desastres en la Literatura | ||
| 650 | |a Perros en la Literatura | ||
| 650 | |a Animales en la Literatura | ||
| 740 | 0 | |a Sin salida / |c J. Grisham ; versión de Gerardo de la Torre. | |
| 740 | 4 | |a Las llamadas de la muerte / |c P. Gosling ; versión de Thelma Huerta de Schwarz. | |
| 740 | 0 | |a Contra reloj / |c R. Byrne ; versión de Susana del Moral Zavariz. | |
| 740 | 0 | |a Sam, un perro al rescate / |c H.E. Goldfluss ; versión de María Emilia Picazo. | |
| 700 | |a Grisham, John |e (autor) | ||
| 700 | |a Gosling, Paula |e (autor) | ||
| 700 | |a Byrne, Robert |e (autor) | ||
| 700 | |a Locke, Angela |e (autor) | ||
| 910 | |a Fondo General | ||
| 920 | |a Impresos - Libros | ||
| 930 | |a Colección General | ||
| 940 | |a Literatura | ||
| 905 | |a 101 | ||
| 901 | |a 0500153914 |b IT1 |c LIT |i D |u 20250521 | ||
| 902 | |a https://opac.biblio.iteso.mx/vufind/Record/000269260 | ||